000 01053nam a22003017a 4500
005 20110524143619.0
008 110524t xxu||||| |||| 00| 0 eng d
010 _aENG-102511
020 _a9788184502862
_c1880.00
035 _aEN-86044
037 _bDBAD / PUB
040 _adpl
_bEnglish
082 _a658.300954
100 _927410
110 _927425
245 _aCase studies in human resource management /
_cby S. K. Bhatia
260 _aNew Delhi
_bDeep & Deep Publications
_c2010
270 _aF-159, Rajouri Garden
_bNew Delhi
_e110027
_k25435369,25440916
300 _axxii, 342 p.
_c24cm (Hb)
500 _aIncludes index
650 _927411
650 _927412
650 _927426
700 _927415
942 _adpl
_cEN
_2ddc
_mBHA
_h658.300954
999 _c52567
_d52567